000 00920nac a22002655i 4500
003 EG-ScBUE
005 20250423130232.0
008 170913t1979 enka f bde 001 0 eng d
020 _a0600303624
040 _aEG-ScBUE
_beng
_erda
_cEG-ScBUE
_dEG-ScBUE
082 0 4 _a520
_bENC
_222
245 0 0 _aEncyclopedia of astronomy :
_ba comprehensive survey of our solar system, galaxy and beyond /
_cconsultant editor Colin Ronan.
264 1 _aLondon :
_bThe Hamlyn Publishing Group Limited,
_c[1979]
264 4 _cc1979
300 _a240 pages :
_billustrations ;
_c24 cm
336 _2rdacontent
_atext
_btxt
337 _aunmediated
_2rdamedia
_bn
338 _avolume
_bnc
_2rdacarrier
500 _aIncludes glossary.
504 _aIncludes bibliographical references and index.
650 7 _aAstronomy
_vEncyclopedias.
_2BUEsh
655 _vReading book
700 1 _aRonan, Colin,
_eeditor.
942 _2ddc
_cREFERENCE
999 _c6488
_d6488